Mixed Country Jumble II Quiz Stats

 Plays Quiz Updated Apr 18, 2020

     
Support Sporcle.
Go Orange.
Score 0/44 Timer 04:00
1 Play Today
% Correct
S
97.3%
A
97.3%
M
97.3%
O
97.3%
A
97.3%
G
96.9%
U
96.9%
Y
96.9%
A
96.9%
N
96.9%
A
96.9%
L
95.2%
I
95.2%
T
95.2%
H
95.2%
U
95.2%
A
95.2%
N
95.2%
I
95.2%
A
95.2%
E
91.8%
T
91.8%
% Correct
H
91.8%
I
91.8%
O
91.8%
P
91.8%
I
91.8%
A
91.8%
L
89.1%
E
89.1%
B
89.1%
A
89.1%
N
89.1%
O
89.1%
N
89.1%
☆Namibia☆
83.2%
I
82.8%
A
82.8%
M
82.8%
N
82.8%
I
82.8%
B
82.8%
A
82.8%
Which African country
contains the Caprivi Strip?
82.8%

From the Vault

Find the Hidden Objects

by sabihavdsk1998

Those I Spy books you read as a kid were actually teaching you life skills. Like finding your keys in a messy room.
Remove Ads.
Support Sporcle.
Get the best of Sporcle when you Go Orange. This ad-free experience offers more features, more stats, and more fun while also helping to support Sporcle. Thank you for becoming a member.

Show Comments

Extras

Top Quizzes Today


Score Distribution

Your Account Isn't Verified!

In order to create a playlist on Sporcle, you need to verify the email address you used during registration. Go to your Sporcle Settings to finish the process.

Report this User

Report this user for behavior that violates our Community Guidelines.

Details: